| 000 | 00539nam a2200205 a 4500 | ||
|---|---|---|---|
| 999 |
_c2361 _d2361 |
||
| 001 | 2361 | ||
| 003 | BD-JhCC | ||
| 005 | 20171101210412.0 | ||
| 008 | 171101s bg |||| ||a| 000 0 ben d | ||
| 035 | _a(BD-JhCC)2361 | ||
| 040 |
_aBD-JhCC _dBD-JhCC |
||
| 041 | _aben | ||
| 082 |
_a952.005 _bROY |
||
| 100 | _aরায়, অন্নদা শংকর | ||
| 245 |
_aজাপানে / _cঅন্নদা শংকর রায় |
||
| 300 |
_a256 p. : _c21 cm. |
||
| 650 |
_aTravel _zJapan |
||
| 942 |
_2ddc _cBK |
||